| 000 | 00719nam a2200217 a 4500 | ||
|---|---|---|---|
| 001 | BRCA_2025 | ||
| 005 | 20190320203636.0 | ||
| 008 | 170608s1950----mx-#######---#000-0#spa-# | ||
| 041 | _aspa | ||
| 044 | _amx | ||
| 050 | 4 |
_aZ8158 _b.V35 _c1950 |
|
| 100 | 1 |
_aValle, Rafael Heliodoro, _d1851-1959 _96185 |
|
| 245 | 1 | 0 |
_aBibliografía cervantina en la América Española _cpor Rafael Heliodoro Valle y Emilia Romero. |
| 260 |
_aMéxico _bImprenta Universitaria _c1950 |
||
| 300 |
_axiv, 313 p. _c24 cm. |
||
| 500 | _aDonación Dr. Héctor Rivero Borrell Vázquez | ||
| 600 | 1 | 4 |
_aCervantes Saaavedra, Miguel de _d1547-1616 _vBibliografía _96186 |
| 700 | 1 |
_aRomero, Emilia _ecoaut. _96187 |
|
| 902 | _aCERV | ||
| 942 |
_2lcc _cB |
||
| 999 |
_c1791 _d1791 |
||